Polscy YouTuberzy - alfabet - Statystyki

Ogólne statystyki
  • Ten quiz został rozwiązany 459 razy
  • Średni wynik to 4 z 25
Statystyki odpowiedzi
Litera Subskrybcje Odpowiedź % Poprawnych
B 4,35 mln Blowek
89%
F 3,58 mln Friz
74%
R 3,91 mln reZigiusz
48%
G 1,76 mln Gimper
36%
N 2,91 mln Naruciak
34%
T 1,34 mln Tromba
22%
I 2,31 mln IsAmU
21%
C 1,16 mln Cyber Marian
14%
X 382 tys Xayoo
12%
J 1,64 mln JDabrowsky
11%
A 1,44 mln Agnieszka Grzelak Vlog
8%
D 1,73 mln DeeJayPallaside
6%
M 1,29 mln Marcin Dubiel
6%
P 1,24 mln Poszukiwacz
6%
W 1,26 mln WAKSY
6%
Z 1,47 mln Z Dvpy
5%
H 1,15 mln Historia bez cenzury
3%
Y 663 tys yachuprodukcja
3%
K 944 tys Krzysztof Gonciarz
2%
L 835 tys littlemooonster96
2%
S 984 tys SerafinTV
2%
E 301 tys Ekipa WK
1%
O 401 tys Olciiak
1%
U 1,61 mln THEUNBOXALL
1%
V 493 tys VanDal
1%
Nie znaleziono quizów pasujących do podanych kryteriów
Rozkład punktacji
Procent ludzi z każdym wynikiem
Percentyl według liczby udzielonych odpowiedzi
Twoja historia wyników
Nie rozwiązałeś tego quizu